[Event "Evpatoria"]
[Site "Evpatoria"]
[Date "2010.02.08"]
[Round "13"]
[White "Shkuro, Iuri"]
[Black "Mihalchenko, Stas"]
[Result "1-0"]
[WhiteElo "2519"]
[BlackElo "2307"]
[PlyCount "41"]
[EventDate "2010.02.02"]
[EventType "tourn"]
[EventRounds "14"]
[EventCountry "UKR"]
[EventCategory "5"]
[SourceTitle "CBM 134 Extra"]
[Source "ChessBase"]
[SourceDate "2010.03.03"]
[SourceVersion "1"]
[SourceVersionDate "2010.03.03"]
[SourceQuality "1"]

1. e4 c6 2. d4 d5 3. Nc3 dxe4 4. Nxe4 Nf6 5. Nxf6+ gxf6 6. Nf3 Bf5 7. Bd3 Bxd3 8. Qxd3 Qd6 9. 0-0 Na6 10. Bd2 0-0-0 11. Rfd1 Nc7 12. c4 Kb8 13. a4 h5 14. b4 h4 15. b5 h3 16. g3 e5 17. Be3 exd4 18. Nxd4 Ka8 19. bxc6 bxc6 20. Bf4 Qd7 21. Qf3 1-0

[Event "Evpatoria"]
[Site "Evpatoria"]
[Date "2010.02.07"]
[Round "11"]
[White "Sanduleac, Vasile"]
[Black "Mihalchenko, Stas"]
[Result "1-0"]
[WhiteElo "2466"]
[BlackElo "2307"]
[PlyCount "77"]
[EventDate "2010.02.02"]
[EventType "tourn"]
[EventRounds "14"]
[EventCountry "UKR"]
[EventCategory "5"]
[SourceTitle "CBM 134 Extra"]
[Source "ChessBase"]
[SourceDate "2010.03.03"]
[SourceVersion "1"]
[SourceVersionDate "2010.03.03"]
[SourceQuality "1"]

1. e4 c5 2. Nf3 Nc6 3. Bb5 Qb6 4. Nc3 e6 5. Bxc6 Qxc6 6. d4 cxd4 7. Nxd4 Qc7 8. 0-0 a6 9. Bg5 d6 10. Re1 h6 11. Bh4 g5 12. Bg3 Be7 13. Qd2 b5 14. Rad1 b4 15. Nd5 exd5 16. exd5 Kf8 17. Nc6 a5 18. c3 Qd7 19. cxb4 axb4 20. Qxb4 Bb7 21. Rxe7 Nxe7 22. Nxe7 Kxe7 23. Bxd6+ Qxd6 24. Re1+ Kd7 25. Qxb7+ Qc7 26. Re7+ Kxe7 27. Qxc7+ Kf6 28. a3 Rhc8 29. Qd6+ Kg7 30. g4 Rc1+ 31. Kg2 Rac8 32. a4 R1c2 33. a5 Re2 34. a6 Rcc2 35. Qb6 Rxb2 36. Qd4+ Kg8 37. a7 Ra2 38. d6 Red2 39. Qxd2 1-0

[Event "Evpatoria"]
[Site "Evpatoria"]
[Date "2010.02.06"]
[Round "10"]
[White "Mihalchenko, Stas"]
[Black "Sharapov, Evgeny"]
[Result "0-1"]
[WhiteElo "2307"]
[BlackElo "2509"]
[PlyCount "78"]
[EventDate "2010.02.02"]
[EventType "tourn"]
[EventRounds "14"]
[EventCountry "UKR"]
[EventCategory "5"]
[SourceTitle "CBM 134 Extra"]
[Source "ChessBase"]
[SourceDate "2010.03.03"]
[SourceVersion "1"]
[SourceVersionDate "2010.03.03"]
[SourceQuality "1"]

1. e4 c5 2. Nf3 d6 3. d4 cxd4 4. Nxd4 Nf6 5. Nc3 Nc6 6. Be2 e6 7. Be3 Be7 8. Qd2 0-0 9. g4 Nd7 10. h4 Nxd4 11. Qxd4 a6 12. 0-0-0 b5 13. h5 Bb7 14. h6 e5 15. Qd2 g6 16. Nd5 Rc8 17. Rhf1 Bxd5 18. Qxd5 Qc7 19. Rd2 Rfd8 20. g5 Nb6 21. Qb3 Qc6 22. Bg4 Rc7 23. Bxb6 Qxb6 24. f4 exf4 25. Rd5 Rc5 26. Kb1 Bxg5 27. a3 Bxh6 28. Qh3 Bg7 29. Rh1 h6 30. Rd2 Re8 31. Rhd1 Bf8 32. Qf3 Rc4 33. Re2 b4 34. a4 Qc6 35. b3 Rcxe4 36. Rde1 Rxe2 37. Rxe2 Qxf3 38. Bxf3 Rxe2 39. Bxe2 a5 0-1

[Event "Evpatoria"]
[Site "Evpatoria"]
[Date "2010.02.05"]
[Round "8"]
[White "Chos, Alexey"]
[Black "Mihalchenko, Stas"]
[Result "1-0"]
[WhiteElo "2327"]
[BlackElo "2307"]
[PlyCount "63"]
[EventDate "2010.02.02"]
[EventType "tourn"]
[EventRounds "14"]
[EventCountry "UKR"]
[EventCategory "5"]
[SourceTitle "CBM 134 Extra"]
[Source "ChessBase"]
[SourceDate "2010.03.03"]
[SourceVersion "1"]
[SourceVersionDate "2010.03.03"]
[SourceQuality "1"]

1. e4 c6 2. d4 d5 3. Nc3 dxe4 4. Nxe4 Nd7 5. Bd3 Ngf6 6. Ng5 e6 7. N1f3 h6 8. Nxe6 fxe6 9. Bg6+ Ke7 10. Bf4 Qa5+ 11. c3 Kd8 12. 0-0 Be7 13. c4 Nf8 14. Bc2 g5 15. Bg3 Rg8 16. Ne5 h5 17. f3 Bd7 18. f4 gxf4 19. Rxf4 Ng4 20. a3 Ne3 21. Qe2 Nxc2 22. Qxc2 c5 23. Kh1 Rc8 24. d5 Be8 25. Rd1 exd5 26. Rxd5+ Nd7 27. Nf7+ Bxf7 28. Rxf7 Rc7 29. Qh7 Re8 30. Rxe7 Rxe7 31. Qg8+ Re8 32. Bh4+ 1-0

[Event "Evpatoria"]
[Site "Evpatoria"]
[Date "2010.02.04"]
[Round "6"]
[White "Mihalchenko, Stas"]
[Black "Shkuro, Iuri"]
[Result "0-1"]
[WhiteElo "2307"]
[BlackElo "2519"]
[PlyCount "96"]
[EventDate "2010.02.02"]
[EventType "tourn"]
[EventRounds "14"]
[EventCountry "UKR"]
[EventCategory "5"]
[SourceTitle "CBM 134 Extra"]
[Source "ChessBase"]
[SourceDate "2010.03.03"]
[SourceVersion "1"]
[SourceVersionDate "2010.03.03"]
[SourceQuality "1"]

1. e4 Nc6 2. Nc3 e6 3. d4 Bb4 4. a3 Bxc3+ 5. bxc3 d6 6. Nf3 Nf6 7. Bd3 e5 8. d5 Ne7 9. Bg5 Ng6 10. 0-0 0-0 11. h3 h6 12. Be3 b6 13. Qe2 Qe7 14. a4 a5 15. Rfb1 Bd7 16. Kh2 Qe8 17. Nd2 Bxa4 18. Qf3 Nh7 19. g4 Bd7 20. Qg2 Qe7 21. Qg3 Qf6 22. c4 Nf4 23. Bf1 h5 24. Kg1 hxg4 25. hxg4 Qg5 26. Ra3 Qxg4 27. Qxg4 Bxg4 28. c5 bxc5 29. Bxf4 exf4 30. Rb7 Rfc8 31. f3 Bd7 32. Nc4 Ng5 33. Nxd6 cxd6 34. Rxd7 Rd8 35. Rc7 f6 36. Bb5 Rac8 37. Rxc8 Rxc8 38. Rxa5 Nxf3+ 39. Kf2 Ne5 40. Ra7 Rb8 41. c4 g5 42. Ra6 Rd8 43. Ra7 g4 44. Kg2 Kh8 45. Ra1 Kg7 46. Rh1 Rh8 47. Rf1 f3+ 48. Kf2 Rh3 0-1

[Event "Evpatoria"]
[Site "Evpatoria"]
[Date "2010.02.04"]
[Round "5"]
[White "Sevostianov, Pavel"]
[Black "Mihalchenko, Stas"]
[Result "1/2-1/2"]
[WhiteElo "2251"]
[BlackElo "2307"]
[PlyCount "172"]
[EventDate "2010.02.02"]
[EventType "tourn"]
[EventRounds "14"]
[EventCountry "UKR"]
[EventCategory "5"]
[SourceTitle "CBM 134 Extra"]
[Source "ChessBase"]
[SourceDate "2010.03.03"]
[SourceVersion "1"]
[SourceVersionDate "2010.03.03"]
[SourceQuality "1"]

1. e4 e5 2. Nf3 d6 3. d4 Nd7 4. Bc4 c6 5. dxe5 dxe5 6. 0-0 Be7 7. Ng5 Bxg5 8. Qh5 Qf6 9. Bxg5 Qg6 10. Qxg6 hxg6 11. Rd1 Ngf6 12. f3 Nc5 13. Nc3 Be6 14. Be2 Rd8 15. Rxd8+ Kxd8 16. Rd1+ Kc7 17. Be3 b6 18. b4 Ncd7 19. a4 Rd8 20. a5 Ne8 21. f4 Ra8 22. g4 f6 23. f5 gxf5 24. gxf5 Bf7 25. b5 c5 26. Ra1 Kb7 27. axb6 axb6 28. Rxa8 Kxa8 29. h4 Kb8 30. h5 Kc7 31. Kg2 Nd6 32. h6 gxh6 33. Bxh6 Kd8 34. Kg3 Bc4 35. Bxc4 Nxc4 36. Nd5 Nd6 37. Nc3 Ke7 38. Kg4 Kf7 39. Bc1 Ne8 40. Kh5 Ng7+ 41. Kg4 Kg8 42. Nb1 Ne8 43. c4 Nd6 44. Nd2 Kh7 45. Kh5 Kg7 46. Bb2 Nf8 47. Bc3 Nh7 48. Kg4 Kh6 49. Kf3 Ng5+ 50. Ke3 Kh5 51. Kd3 Kg4 52. Ke3 Kg3 53. Nf1+ Kg4 54. Nd2 Nh3 55. Bb2 Kg3 56. Nf1+ Kg2 57. Nd2 Nf2 58. Ba3 Ng4+ 59. Ke2 Kg3 60. Bc1 Kf4 61. Nf1+ Kxe4 62. Ng3+ Kd4 63. Kf3 Nh2+ 64. Kg2 Kxc4 65. Kxh2 Kxb5 66. Kg2 Kc4 67. Kf3 b5 68. Bh6 b4 69. Ke2 Kd5 70. Bf8 Nb5 71. Be7 Nd4+ 72. Kd2 Nc6 73. Bxf6 c4 74. Ne2 c3+ 75. Kc2 Nd4+ 76. Nxd4 exd4 77. Kd3 b3 78. Bxd4 b2 79. Kc2 Kxd4 80. f6 Ke3 81. f7 b1Q+ 82. Kxb1 Kd2 83. f8Q c2+ 84. Ka2 c1Q 85. Qf4+ Kc2 86. Qxc1+ Kxc1 1/2-1/2

[Event "Evpatoria"]
[Site "Evpatoria"]
[Date "2010.02.02"]
[Round "1"]
[White "Mihalchenko, Stas"]
[Black "Chos, Alexey"]
[Result "0-1"]
[WhiteElo "2307"]
[BlackElo "2327"]
[PlyCount "106"]
[EventDate "2010.02.02"]
[EventType "tourn"]
[EventRounds "14"]
[EventCountry "UKR"]
[EventCategory "5"]
[SourceTitle "CBM 134 Extra"]
[Source "ChessBase"]
[SourceDate "2010.03.03"]
[SourceVersion "1"]
[SourceVersionDate "2010.03.03"]
[SourceQuality "1"]

1. e4 d5 2. exd5 Nf6 3. c4 c6 4. d4 cxd5 5. Nf3 Bg4 6. Nc3 Nc6 7. c5 g6 8. Bb5 Bg7 9. 0-0 0-0 10. Bxc6 bxc6 11. h3 Bxf3 12. Qxf3 Nd7 13. Rd1 e5 14. Ne2 Re8 15. Qc3 Qh4 16. Be3 Rab8 17. dxe5 Nxe5 18. Bd4 Re7 19. Rab1 Rbe8 20. b4 a6 21. a4 Nc4 22. Ng3 Bxd4 23. Rxd4 Qg5 24. b5 axb5 25. axb5 cxb5 26. Rxb5 Re1+ 27. Kh2 h5 28. c6 Rc1 29. Qf3 h4 30. Rbxd5 Ne5 31. Qf4 Qxf4 32. Rxf4 hxg3+ 33. Kxg3 Nxc6 34. Rf6 Ne5 35. f4 Nc6 36. Rd7 Ne7 37. Kg4 Rc2 38. g3 Kg7 39. Rfd6 Nf5 40. Rd3 Re7 41. Rxe7 Nxe7 42. Kf3 Rh2 43. h4 Nf5 44. Kg4 Nh6+ 45. Kf3 f5 46. Rd7+ Kf6 47. Rd6+ Kf7 48. Rd7+ Ke6 49. Rg7 Ng4 50. Rxg6+ Kf7 51. Rxg4 fxg4+ 52. Kxg4 Kg6 53. f5+ Kf6 0-1